| 000 | 01078nam a22002297a 4500 | ||
|---|---|---|---|
| 999 |
_c58453 _d58453 |
||
| 003 | Ge_BSU | ||
| 005 | 20220217140622.0 | ||
| 008 | 220217s1985ge xxu||||| |||| 00| 0 geo d | ||
| 041 | _ageo | ||
| 080 | _a581.526.42(075.8) ა-14 | ||
| 100 |
_aაბაშიძე, ი. _92742 |
||
| 245 |
_aდენდროლოგია : [სახელმძღვანელო სას-სამ. ინ-ტის სტუდენტებისათვის] _bწ. 2, ფარულთესლოვანები / _cი.აბაშიძე , რედ.მ.სულაძე. |
||
| 250 | _aმე-2 გამოცემა | ||
| 264 |
_aთბილისი : _bგანათლება, _c1985. |
||
| 300 |
_a319გვ. : _bილ. _c21სმ. |
||
| 504 | _aბიბლიოგრაფია: გვ. 317. | ||
| 653 | _aდენდროლოგია | ||
| 653 | _aფარულთესლიანები | ||
| 653 | _aმცენარეები | ||
| 700 |
_aსულაძე, მ _eრედაქტორი _93155 |
||
| 942 |
_2udc _cBK |
||